| 000 | 00743nam a2200253Ia 4500 | ||
|---|---|---|---|
| 003 | OSt | ||
| 005 | 20220926012114.0 | ||
| 006 | a|||||r|||| 00| 0 | ||
| 007 | ta | ||
| 008 | 220923b |||||||| |||| 00| 0 eng d | ||
| 037 | _cGeneral Book | ||
| 040 |
_aRTL _cRTL _beng |
||
| 041 |
_2eng _aeng |
||
| 082 | _aY4, K2 | ||
| 100 |
_aNosow Sigmund _9315516 |
||
| 245 | 0 |
_aMan, work and society _b A reader in the sociology o |
|
| 260 |
_aNew York _bBasic Books _c1962 |
||
| 300 |
_aviii, 612p _ccm. |
||
| 500 | _aBibliography: P 569-98 | ||
| 650 |
_aOccupational Sociology _9230967 |
||
| 700 |
_a Form William H Ed. _9315517 |
||
| 942 |
_hY4, K2 _cGB _2CC |
||
| 999 |
_c621714 _d621714 |
||